[Event "Koge EMT op 3rd"]
[Site "Koge"]
[Date "2022.04.29"]
[Round "4"]
[White "Stuhr, Finn"]
[Black "Kuhnrich, Soren"]
[Result "1-0"]
[WhiteElo "1650"]
[BlackElo "1753"]
[PlyCount "143"]
[EventDate "2022.04.29"]
[EventType "swiss"]
[EventRounds "5"]
[EventCountry "DEN"]
[SourceTitle "CBM 208 Extra"]
[Source "ChessBase"]
[SourceDate "2022.07.31"]
[SourceVersion "1"]
[SourceVersionDate "2022.07.31"]
[SourceQuality "1"]

1. e4 e5 2. Nf3 Nc6 3. Bb5 Nf6 4. 0-0 Nxe4 5. Re1 Nf6 6. Bxc6 dxc6 7. Rxe5+ Be7 8. Qe1 Ng4 9. Re2 h6 10. c3 Be6 11. h3 Nf6 12. Nd4 Bc4 13. Re5 g6 14. b3 Nd7 15. Re3 Ba6 16. Ba3 c5 17. c4 Kf8 18. Nc3 Bf6 19. Nf3 b6 20. d4 Kg7 21. Rd1 cxd4 22. Nxd4 Bb7 23. Nf3 Qc8 24. Nd5 Bxd5 25. Rxd5 c5 26. Red3 Rd8 27. Qd1 Nf8 28. Rxd8 Bxd8 29. Bb2+ Kh7 30. Rd5 Bc7 31. h4 Qe6 32. h5 Re8 33. Bc3 Qe2 34. Qb1 Qe4 35. hxg6+ Nxg6 36. Qxe4 Rxe4 37. Bf6 Re6 38. Rd7 Rxf6 39. Rxc7 a5 40. Nd2 Kg7 41. Ne4 Re6 42. f3 Ne5 43. Kf1 Nd3 44. Rd7 Nb4 45. Rd2 Nc6 46. a3 Nd4 47. b4 axb4 48. axb4 f5 49. Nc3 cxb4 50. Nd5 Nb3 51. Rb2 Na5 52. Rxb4 Nc6 53. Rxb6 Nd4 54. c5 Rc6 55. Rb7+ Kh8 56. Rc7 Rxc7 57. Nxc7 Kg8 58. Kf2 f4 59. g3 fxg3+ 60. Kxg3 Kf7 61. Kf4 Nb3 62. Na6 Ke6 63. c6 Nd4 64. c7 Kd7 65. Ke4 Ne6 66. f4 Kc8 67. f5 Nxc7 68. Nxc7 Kxc7 69. f6 Kd7 70. Kf5 Ke8 71. Kg6 h5 72. Kg7 1-0

[Event "Koge Weekend Mester"]
[Site "Koge"]
[Date "2019.05.05"]
[Round "4"]
[White "Kuhnrich, Soren"]
[Black "Larsen, Niels Georg"]
[Result "0-1"]
[WhiteElo "1769"]
[BlackElo "1991"]
[PlyCount "54"]
[EventDate "2019.05.03"]
[EventType "swiss"]
[EventRounds "5"]
[EventCountry "DEN"]
[SourceTitle "EXT 2020"]
[Source "ChessBase"]
[SourceDate "2019.10.17"]
[SourceVersion "1"]
[SourceVersionDate "2019.10.17"]
[SourceQuality "1"]

1. e4 g6 2. d4 Bg7 3. Nf3 d6 4. c4 Nf6 5. Nc3 0-0 6. Be2 Nbd7 7. 0-0 e5 8. b4 exd4 9. Nxd4 a5 10. b5 Nc5 11. f3 Ne6 12. Bb2 Nh5 13. Na4 Nef4 14. Bd3 Qg5 15. Qc2 Be5 16. g3 Nxg3 17. Kf2 Nxf1 18. Bxf1 Qh4+ 19. Ke3 Be6 20. Nxe6 Nxe6 21. Bxe5 dxe5 22. h3 Qf4+ 23. Kf2 Rfd8 24. Bd3 Rxd3 25. Qxd3 Rd8 26. Qf1 Rd2+ 27. Kg1 Qg3+ 0-1